书目信息 |
| 题名: |
区块链国富论
|
|
| 作者: | 韩锋 , 贺敏 , 张秀彩 , 鲍松 著 | |
| 分册: | ||
| 出版信息: | 北京 机械工业出版社 2021.03 |
|
| 页数: | XX, 240页 | |
| 开本: | 24cm | |
| 丛书名: | ||
| 单 册: | ||
| 中图分类: | F713.361.3 | |
| 科图分类: | ||
| 主题词: | 电子商务--dian zi shang wu--支付方式 | |
| 电子资源: | ||
| ISBN: | 978-7-111-67563-1 | |
| 000 | 01478nam0 2200313 450 | |
| 001 | 202021194710 | |
| 005 | 20211025120147.0 | |
| 010 | @a978-7-111-67563-1@dCNY69.00 | |
| 100 | @a20211005d2021 em y0chiy50 ea | |
| 101 | 0 | @achi |
| 102 | @aCN@b110000 | |
| 105 | @aa z 000yy | |
| 106 | @ar | |
| 200 | 1 | @a区块链国富论@Aqu kuai lian guo fu lun@e论全球信用算法共识的未来财富@d= Blockchain and the wealth of nations@efuture wealth based on global credit algorithm consensus@f韩锋 ... [等] 著@zeng |
| 210 | @a北京@c机械工业出版社@d2021.03 | |
| 215 | @aXX, 240页@c图@d24cm | |
| 304 | @a题名页题其余责任者: 贺敏, 张秀彩, 鲍松 | |
| 314 | @a韩锋, 哥伦比亚大学访问学者, 清华大学iCenter导师。 | |
| 330 | @a本书探讨了中国面对这样一个新的机遇是否有机会像白银时代一样重回全球财富共识舞台的中央。从亚当·斯密的《国富论》和量子力学实在观出发, 论证了全球市场属于分布式计算的麦克斯韦妖系统, 而“财富”的概念是该系统在执行“等价交换”基础协议时计算出的低熵信用共识。 | |
| 510 | 1 | @aBlockchain and the wealth of nations@efuture wealth based on global credit algorithm consensus@zeng |
| 517 | 1 | @a论全球信用算法共识的未来财富@Alun quan qiu xin yong suan fa gong shi de wei lai cai fu |
| 606 | 0 | @a电子商务@Adian zi shang wu@x支付方式 |
| 690 | @aF713.361.3@v5 | |
| 701 | 0 | @a韩锋@Ahan feng@4著 |
| 701 | 0 | @a贺敏@Ahe min@4著 |
| 701 | 0 | @a张秀彩@Azhang xiu cai@4著 |
| 701 | 0 | @a鲍松@Abao song@4著 |
| 801 | 0 | @aCN@c20210909 |
| 905 | @a河南城建学院图书馆@dF713.361.3@eH072 | |
| 区块链国富论:论全球信用算法共识的未来财富= Blockchain and the wealth of nations:future wealth based on global credit algorithm consensus/韩锋 ... [等] 著.-北京:机械工业出版社,2021.03 |
| XX, 240页:图;24cm |
| ISBN 978-7-111-67563-1:CNY69.00 |
| 本书探讨了中国面对这样一个新的机遇是否有机会像白银时代一样重回全球财富共识舞台的中央。从亚当·斯密的《国富论》和量子力学实在观出发, 论证了全球市场属于分布式计算的麦克斯韦妖系统, 而“财富”的概念是该系统在执行“等价交换”基础协议时计算出的低熵信用共识。 |
| ● |
| 相关链接 |
|
|
|
正题名:区块链国富论
索取号:F713.361.3/H072
 
预约/预借
| 序号 | 登录号 | 条形码 | 馆藏地/架位号 | 状态 | 备注 |
| 1 | 1543952 | 215439522 | 社科库409/409社科库 42排4列4层/ [索取号:F713.361.3/H072] | 在馆 | |
| 2 | 1543953 | 215439531 | 社科库409/409社科库 42排4列4层/ [索取号:F713.361.3/H072] | 在馆 |